000 00751nam a2200181 4500
001 133210
003 ES-MaACL
005 20250824063042.0
007 t|
008 070214s1917 sp r ||||1| spa d
100 1 _aRubió y Bellvé, Mariano,
_d1862-1938
_9100453
245 1 0 _aFilosofía de la guerra
_b: juicios, observaciones y comentarios relativos a la gran lucha de las naciones /
_cM. Rubió y Bellvé ; prólogo de Miguel S. Oliver.
_n, . I,
_pArtículos publicados en La Vanguardia de Barcelona durante los años 1915 y 1916.
260 _aBarcelona :
_bMinerva,
_c[1917]
300 _a433 p. ;
_c18 x 12 cm.
700 1 _aOliver, Miquel dels Sants,
_d1864-1920
_986825
852 _aES-MaACL
_jF-607
999 _c133210
_d133210